000 00352nam a2200145Ia 4500
008 231217s9999 xx 000 0 und d
041 _aEnglish
082 _a001.6424 MEH `R'
100 _aMehta, Subhash.
245 2 _aA practical guide to Ventura 4.0 for Windows
260 _c1992
_bS K W
300 _a148
650 _aVentura
942 _cAA
999 _c162650
_d162650